Vista normal
Vista MARC
Entrada Materia (personas)
Número de registros utilizados en: 1
001 - CONTROL NUMBER
- control field: 93355
003 - CONTROL NUMBER IDENTIFIER
- control field: Co-BoUCM
005 - DATE AND TIME OF LATEST TRANSACTION
- control field: 20180817125437.0
008 - FIXED-LENGTH DATA ELEMENTS
- fixed length control field: 180817|| aca||aabn | a|a d
040 ## - CATALOGING SOURCE
- Original cataloging agency: Co-BoUCM
- Transcribing agency: Co-BoUCM
100 ## - HEADING--PERSONAL NAME
- Personal name: Vatlin, Alexander
670 ## - SOURCE DATA FOUND
- Source citation: Work cat.: (Co-BoUCM)310316: Vatlin, Alexander, Agents of terror, 2016